[Event "DEM U10 2021"]
[Site "Willingen GER"]
[Date "2021.08.23"]
[Round "2"]
[White "Fadeev, Justin Michael"]
[Black "Glöckler, Christian"]
[Result "0-1"]
[Termination "normal"]
[Board "5"]
[WhiteElo "1323"]
[BlackElo "1581"]
[WhiteClock "00:33:29"]
[BlackClock "01:04:35"]
[PlyCount "102"]
[WhiteFideId "34602968"]
[BlackFideId "34608966"]
[EventCountry "GER"]
[EventRounds "11"]
[EventType "swiss"]
[EventDate "2021.08.22"]

1. e4 {[%clk 01:15:58]} c5 {[%clk 01:15:51]} {[%emt 00:00:09]} 2. Nf3 {[%clk
01:16:21]} {[%emt 00:00:07]} d6 {[%clk 01:16:06]} {[%emt 00:00:16]} 3. d4
{[%clk 01:16:43]} {[%emt 00:00:09]} cxd4 {[%clk 01:16:27]} {[%emt 00:00:09]} 4.
Nxd4 {[%clk 01:17:03]} {[%emt 00:00:10]} Nf6 {[%clk 01:16:47]} {[%emt
00:00:09]} 5. Nc3 {[%clk 01:17:26]} {[%emt 00:00:07]} a6 {[%clk 01:17:10]}
{[%emt 00:00:07]} 6. Bd3 {[%clk 01:16:50]} {[%emt 00:01:06]} e5 {[%clk
01:17:20]} {[%emt 00:00:21]} 7. Nf3 {[%clk 01:16:31]} {[%emt 00:00:48]} Qc7
{[%clk 01:17:26]} {[%emt 00:00:24]} 8. O-O {[%clk 01:16:25]} {[%emt 00:00:36]}
Be7 {[%clk 01:17:40]} {[%emt 00:00:16]} 9. Bg5 {[%clk 01:16:28]} {[%emt
00:00:27]} Be6 {[%clk 01:17:50]} {[%emt 00:00:20]} 10. Re1 {[%clk 01:16:07]}
{[%emt 00:00:51]} O-O {[%clk 01:18:01]} {[%emt 00:00:20]} 11. Qd2 {[%clk
01:13:01]} {[%emt 00:03:35]} Nbd7 {[%clk 01:18:05]} {[%emt 00:00:28]} 12. Rad1
{[%clk 01:08:21]} {[%emt 00:05:09]} b5 {[%clk 01:17:44]} {[%emt 00:00:51]} 13.
a3 {[%clk 01:07:41]} {[%emt 00:01:12]} Rac8 {[%clk 01:17:46]} {[%emt 00:00:26]}
14. h3 {[%clk 01:02:07]} {[%emt 00:06:03]} Rfd8 {[%clk 01:17:47]} {[%emt
00:00:30]} 15. g4 {[%clk 01:00:40]} {[%emt 00:01:56]} Nb6 {[%clk 01:17:13]}
{[%emt 00:01:04]} 16. Nh4 {[%clk 01:00:11]} {[%emt 00:00:59]} h6 {[%clk
01:16:35]} {[%emt 00:01:08]} 17. Bxh6 {[%clk 00:59:39]} {[%emt 00:01:02]} gxh6
{[%clk 01:16:49]} {[%emt 00:00:16]} 18. Qxh6 {[%clk 01:00:00]} {[%emt
00:00:09]} Ne8 {[%clk 01:16:47]} {[%emt 00:00:32]} 19. Nd5 {[%clk 00:59:43]}
{[%emt 00:00:47]} Qb7 {[%clk 01:16:38]} {[%emt 00:00:39]} 20. Nf5 {[%clk
00:57:34]} {[%emt 00:02:38]} Bxf5 {[%clk 01:16:24]} {[%emt 00:00:44]} 21. gxf5
{[%clk 00:57:51]} {[%emt 00:00:14]} Bf8 {[%clk 01:13:04]} {[%emt 00:03:50]} 22.
Qg5+ {[%clk 00:58:08]} {[%emt 00:00:12]} Bg7 {[%clk 01:13:16]} {[%emt
00:00:19]} 23. Ne7+ {[%clk 00:58:01]} {[%emt 00:00:37]} Kf8 {[%clk 01:13:27]}
{[%emt 00:00:19]} 24. Nxc8 {[%clk 00:58:07]} {[%emt 00:00:23]} Rxc8 {[%clk
01:13:42]} {[%emt 00:00:15]} 25. h4 {[%clk 00:57:59]} {[%emt 00:00:39]} Qe7
{[%clk 01:13:49]} {[%emt 00:00:23]} 26. Qxe7+ {[%clk 00:57:07]} {[%emt
00:01:21]} Kxe7 {[%clk 01:14:11]} {[%emt 00:00:09]} 27. Re3 {[%clk 00:57:00]}
{[%emt 00:00:37]} Bh6 {[%clk 01:13:50]} {[%emt 00:00:51]} 28. Rg3 {[%clk
00:56:12]} {[%emt 00:01:18]} Nf6 {[%clk 01:13:54]} {[%emt 00:00:25]} 29. Kh1
{[%clk 00:55:39]} {[%emt 00:01:03]} Bf4 {[%clk 01:13:50]} {[%emt 00:00:34]} 30.
Rh3 {[%clk 00:55:41]} {[%emt 00:00:29]} d5 {[%clk 01:13:47]} {[%emt 00:00:33]}
31. exd5 {[%clk 00:55:53]} {[%emt 00:00:17]} Nbxd5 {[%clk 01:13:44]} {[%emt
00:00:32]} 32. Rg1 {[%clk 00:55:10]} {[%emt 00:01:13]} Kf8 {[%clk 01:13:16]}
{[%emt 00:00:59]} 33. c3 {[%clk 00:51:44]} {[%emt 00:03:56]} e4 {[%clk
01:09:09]} {[%emt 00:04:37]} 34. Be2 {[%clk 00:52:03]} {[%emt 00:00:11]} Ne7
{[%clk 01:09:05]} {[%emt 00:00:33]} 35. Bg4 {[%clk 00:50:07]} {[%emt 00:02:26]}
Bh6 {[%clk 01:09:09]} {[%emt 00:00:26]} 36. Rhg3 {[%clk 00:49:54]} {[%emt
00:00:44]} Rc4 {[%clk 01:08:37]} {[%emt 00:01:02]} 37. Rd1 {[%clk 00:47:05]}
{[%emt 00:03:18]} Ke8 {[%clk 01:08:00]} {[%emt 00:01:08]} 38. Be2 {[%clk
00:46:14]} {[%emt 00:01:21]} Rc5 {[%clk 01:07:18]} {[%emt 00:01:12]} 39. Rd6
{[%clk 00:44:49]} {[%emt 00:01:55]} Rxf5 {[%clk 01:06:50]} {[%emt 00:00:59]}
40. Rxa6 {[%clk 00:45:06]} {[%emt 00:00:12]} Rxf2 {[%clk 01:06:39]} {[%emt
00:00:39]} 41. Bxb5+ {[%clk 00:44:49]} {[%emt 00:01:02]} Kd8 {[%clk 01:06:24]}
{[%emt 00:00:45]} 42. Rg1 {[%clk 00:43:45]} {[%emt 00:01:34]} e3 {[%clk
01:05:13]} {[%emt 00:01:41]} 43. Rd1+ {[%clk 00:43:20]} {[%emt 00:00:55]} Kc8
{[%clk 01:03:58]} {[%emt 00:01:44]} 44. Rd4 {[%clk 00:38:44]} {[%emt 00:05:06]}
Nf5 {[%clk 01:03:23]} {[%emt 00:01:07]} 45. Rd1 {[%clk 00:33:10]} {[%emt
00:06:02]} e2 {[%clk 01:03:06]} {[%emt 00:00:48]} 46. Bxe2 {[%clk 00:32:42]}
{[%emt 00:00:59]} Rxe2 {[%clk 01:03:08]} {[%emt 00:00:27]} 47. Rxf6 {[%clk
00:32:57]} {[%emt 00:00:15]} Ng3+ {[%clk 01:03:29]} {[%emt 00:00:08]} 48. Kg1
{[%clk 00:33:21]} {[%emt 00:00:07]} Be3+ {[%clk 01:03:48]} {[%emt 00:00:12]}
49. Rf2 {[%clk 00:33:12]} {[%emt 00:00:38]} Rxf2 {[%clk 01:04:04]} {[%emt
00:00:13]} 50. Rd3 {[%clk 00:33:17]} {[%emt 00:00:26]} Re2+ {[%clk 01:04:20]}
{[%emt 00:00:13]} 51. Rxe3 {[%clk 00:33:29]} {[%emt 00:00:20]} Rxe3 {[%clk
01:04:35]} {[%emt 00:00:14]} 0-1

[Event "DEM U10 2021"]
[Site "Willingen GER"]
[Date "2021.08.23"]
[Round "2"]
[White "Mandalka, Justus"]
[Black "Sajka, Noah"]
[Result "1-0"]
[Termination "normal"]
[Board "6"]
[WhiteElo "1440"]
[BlackElo "1402"]
[WhiteClock "00:13:35"]
[BlackClock "00:18:14"]
[PlyCount "77"]
[WhiteFideId "16298144"]
[BlackFideId "34608192"]
[EventCountry "GER"]
[EventRounds "11"]
[EventType "swiss"]
[EventDate "2021.08.22"]

1. e4 {[%clk 01:15:56]} {[%emt 00:00:03]} c5 {[%clk 01:15:54]} {[%emt
00:00:07]} 2. Nf3 {[%clk 01:16:17]} {[%emt 00:00:09]} d6 {[%clk 01:16:13]}
{[%emt 00:00:11]} 3. d4 {[%clk 01:16:25]} {[%emt 00:00:22]} cxd4 {[%clk
01:16:35]} {[%emt 00:00:08]} 4. Nxd4 {[%clk 01:16:43]} {[%emt 00:00:11]} Nf6
{[%clk 01:16:38]} {[%emt 00:00:27]} 5. Nc3 {[%clk 01:16:43]} {[%emt 00:00:30]}
a6 {[%clk 01:16:50]} {[%emt 00:00:19]} 6. a4 {[%clk 01:15:48]} {[%emt
00:01:24]} e6 {[%clk 01:14:32]} {[%emt 00:02:49]} 7. Be2 {[%clk 01:15:08]}
{[%emt 00:01:09]} b6 {[%clk 01:13:18]} {[%emt 00:01:44]} 8. Be3 {[%clk
01:14:09]} {[%emt 00:01:29]} Bb7 {[%clk 01:12:00]} {[%emt 00:01:49]} 9. Bf3
{[%clk 01:13:40]} {[%emt 00:00:59]} Qc7 {[%clk 01:07:00]} {[%emt 00:05:30]} 10.
O-O {[%clk 01:12:25]} {[%emt 00:01:44]} Be7 {[%clk 01:06:13]} {[%emt 00:01:17]}
11. Qd2 {[%clk 01:09:57]} {[%emt 00:02:58]} O-O {[%clk 01:05:00]} {[%emt
00:01:43]} 12. Rfe1 {[%clk 01:08:02]} {[%emt 00:02:25]} Nbd7 {[%clk 01:02:01]}
{[%emt 00:03:30]} 13. Bf4 {[%clk 00:56:54]} {[%emt 00:11:38]} Ne5 {[%clk
00:59:52]} {[%emt 00:02:38]} 14. Rad1 {[%clk 00:50:20]} {[%emt 00:07:04]} Nc4
{[%clk 00:55:42]} {[%emt 00:04:41]} 15. Qc1 {[%clk 00:50:43]} {[%emt 00:00:06]}
e5 {[%clk 00:55:49]} {[%emt 00:00:24]} 16. Nf5 {[%clk 00:47:11]} {[%emt
00:04:02]} exf4 {[%clk 00:55:36]} {[%emt 00:00:42]} 17. Qxf4 {[%clk 00:45:53]}
{[%emt 00:01:48]} Ne5 {[%clk 00:50:36]} {[%emt 00:05:30]} 18. Nd5 {[%clk
00:43:00]} {[%emt 00:03:23]} Nxd5 {[%clk 00:48:55]} {[%emt 00:02:11]} 19. exd5
{[%clk 00:43:20]} {[%emt 00:00:10]} Bf6 {[%clk 00:48:54]} {[%emt 00:00:31]} 20.
Be4 {[%clk 00:42:44]} {[%emt 00:01:06]} Bc8 {[%clk 00:46:50]} {[%emt 00:02:33]}
21. h4 {[%clk 00:41:56]} {[%emt 00:01:19]} Qd8 {[%clk 00:45:12]} {[%emt
00:02:09]} 22. g3 {[%clk 00:38:02]} {[%emt 00:04:23]} Kh8 {[%clk 00:39:37]}
{[%emt 00:06:05]} 23. Kg2 {[%clk 00:35:30]} {[%emt 00:03:02]} g5 {[%clk
00:39:06]} {[%emt 00:01:01]} 24. Qc1 {[%clk 00:33:51]} {[%emt 00:02:10]} gxh4
{[%clk 00:37:55]} {[%emt 00:01:41]} 25. Rh1 {[%clk 00:31:18]} {[%emt 00:03:02]}
Rg8 {[%clk 00:36:39]} {[%emt 00:01:46]} 26. Qh6 {[%clk 00:26:52]} {[%emt
00:04:55]} Ng6 {[%clk 00:28:10]} {[%emt 00:09:00]} 27. Rh2 {[%clk 00:20:55]}
{[%emt 00:06:26]} Bg5 {[%clk 00:23:31]} {[%emt 00:05:10]} 28. Qh5 {[%clk
00:21:11]} {[%emt 00:00:14]} Qf6 {[%clk 00:23:02]} {[%emt 00:00:59]} 29. Nd4
{[%clk 00:17:04]} {[%emt 00:04:37]} Qe5 {[%clk 00:22:11]} {[%emt 00:01:21]} 30.
Bxg6 {[%clk 00:14:50]} {[%emt 00:02:43]} Rxg6 {[%clk 00:22:25]} {[%emt
00:00:17]} 31. Nf3 {[%clk 00:14:58]} {[%emt 00:00:22]} Qe4 {[%clk 00:21:12]}
{[%emt 00:01:43]} 32. Rd4 {[%clk 00:14:31]} {[%emt 00:00:57]} Qf5 {[%clk
00:20:56]} {[%emt 00:00:46]} 33. Nxh4 {[%clk 00:13:34]} {[%emt 00:01:27]} Bxh4
{[%clk 00:21:04]} {[%emt 00:00:22]} 34. Qxh4 {[%clk 00:13:51]} {[%emt
00:00:13]} Rg7 {[%clk 00:20:08]} {[%emt 00:01:26]} 35. Qd8+ {[%clk 00:13:12]}
{[%emt 00:01:09]} Rg8 {[%clk 00:20:31]} {[%emt 00:00:07]} 36. Qxd6 {[%clk
00:13:06]} {[%emt 00:00:36]} b5 {[%clk 00:20:27]} {[%emt 00:00:35]} 37. Rdh4
{[%clk 00:13:03]} {[%emt 00:00:32]} Bb7 {[%clk 00:19:48]} {[%emt 00:01:10]} 38.
Qf6+ {[%clk 00:13:14]} {[%emt 00:00:18]} Rg7 {[%clk 00:18:14]} {[%emt
00:02:04]} 39. Qxf5 {[%clk 00:13:35]} {[%emt 00:00:09]} 1-0

[Event "DEM U10 2021"]
[Site "Willingen GER"]
[Date "2021.08.23"]
[Round "2"]
[White "Shen, Tingrui"]
[Black "Seth, Aakrit"]
[Result "1-0"]
[Termination "normal"]
[Board "7"]
[WhiteElo "1508"]
[BlackElo "1330"]
[WhiteClock "01:03:17"]
[BlackClock "00:37:44"]
[PlyCount "115"]
[WhiteFideId "34603441"]
[BlackFideId "34604812"]
[EventCountry "GER"]
[EventRounds "11"]
[EventType "swiss"]
[EventDate "2021.08.22"]

1. e4 {[%clk 01:15:56]} {[%emt 00:00:03]} c5 {[%clk 01:15:52]} {[%emt
00:00:07]} 2. c4 {[%clk 01:16:18]} {[%emt 00:00:08]} Nc6 {[%clk 01:15:22]}
{[%emt 00:01:01]} 3. Nc3 {[%clk 01:16:21]} {[%emt 00:00:26]} g6 {[%clk
01:15:00]} {[%emt 00:00:52]} 4. g3 {[%clk 01:16:34]} {[%emt 00:00:18]} Bg7
{[%clk 01:15:10]} {[%emt 00:00:19]} 5. Nge2 {[%clk 01:16:40]} {[%emt 00:00:24]}
d6 {[%clk 01:15:06]} {[%emt 00:00:35]} 6. Bg2 {[%clk 01:16:55]} {[%emt
00:00:15]} Nf6 {[%clk 01:14:42]} {[%emt 00:00:52]} 7. d3 {[%clk 01:16:55]}
{[%emt 00:00:33]} O-O {[%clk 01:14:00]} {[%emt 00:01:11]} 8. O-O {[%clk
01:17:09]} {[%emt 00:00:15]} Bd7 {[%clk 01:10:06]} {[%emt 00:04:25]} 9. h3
{[%clk 01:16:51]} {[%emt 00:00:47]} Qc8 {[%clk 01:10:07]} {[%emt 00:00:29]} 10.
Kh2 {[%clk 01:16:57]} {[%emt 00:00:24]} h5 {[%clk 01:07:06]} {[%emt 00:03:31]}
11. a3 {[%clk 01:16:32]} {[%emt 00:00:56]} Ne8 {[%clk 01:04:13]} {[%emt
00:03:23]} 12. Rb1 {[%clk 01:16:31]} {[%emt 00:00:31]} Nc7 {[%clk 01:03:36]}
{[%emt 00:01:07]} 13. b4 {[%clk 01:16:39]} {[%emt 00:00:22]} Ne6 {[%clk
01:03:08]} {[%emt 00:00:58]} 14. Nd5 {[%clk 01:16:22]} {[%emt 00:00:47]} Re8
{[%clk 01:02:12]} {[%emt 00:01:24]} 15. f4 {[%clk 01:16:05]} {[%emt 00:00:49]}
Ned4 {[%clk 01:01:40]} {[%emt 00:01:03]} 16. Nxd4 {[%clk 01:14:04]} {[%emt
00:02:30]} Nxd4 {[%clk 01:00:56]} {[%emt 00:01:13]} 17. Ne3 {[%clk 01:13:22]}
{[%emt 00:01:12]} f5 {[%clk 00:58:58]} {[%emt 00:02:27]} 18. exf5 {[%clk
01:12:53]} {[%emt 00:01:01]} Nxf5 {[%clk 00:58:39]} {[%emt 00:00:49]} 19. bxc5
{[%clk 01:12:17]} {[%emt 00:01:06]} Qxc5 {[%clk 00:57:27]} {[%emt 00:01:41]}
20. Bd5+ {[%clk 01:11:10]} {[%emt 00:01:37]} e6 {[%clk 00:56:36]} {[%emt
00:01:18]} 21. Nxf5 {[%clk 01:11:09]} {[%emt 00:00:35]} exd5 {[%clk 00:55:04]}
{[%emt 00:02:01]} 22. Nxg7 {[%clk 01:11:13]} {[%emt 00:00:26]} Kxg7 {[%clk
00:54:40]} {[%emt 00:00:54]} 23. f5 {[%clk 01:10:48]} {[%emt 00:00:56]} Bxf5
{[%clk 00:53:58]} {[%emt 00:01:12]} 24. Rxb7+ {[%clk 01:10:30]} {[%emt
00:00:47]} Kg8 {[%clk 00:51:48]} {[%emt 00:02:38]} 25. Bb2 {[%clk 01:09:18]}
{[%emt 00:01:43]} d4 {[%clk 00:51:29]} {[%emt 00:00:49]} 26. Rb5 {[%clk
01:07:09]} {[%emt 00:02:40]} Qc8 {[%clk 00:50:54]} {[%emt 00:00:51]} 27. Bxd4
{[%clk 01:04:52]} {[%emt 00:03:01]} Bxh3 {[%clk 00:48:35]} {[%emt 00:02:48]}
28. Rf6 {[%clk 01:03:06]} {[%emt 00:02:17]} Re6 {[%clk 00:47:24]} {[%emt
00:01:38]} 29. Qf3 {[%clk 01:01:32]} {[%emt 00:02:07]} Bg4 {[%clk 00:44:22]}
{[%emt 00:03:33]} 30. Qd5 {[%clk 01:01:11]} {[%emt 00:00:50]} Kh7 {[%clk
00:42:21]} {[%emt 00:02:22]} 31. Rb7+ {[%clk 00:59:19]} {[%emt 00:02:31]} Kh6
{[%clk 00:38:55]} {[%emt 00:03:56]} 32. Rxe6 {[%clk 00:58:56]} {[%emt
00:00:53]} Qxe6 {[%clk 00:38:27]} {[%emt 00:00:57]} 33. Bg7+ {[%clk 00:59:05]}
{[%emt 00:00:22]} Kh7 {[%clk 00:38:14]} {[%emt 00:00:43]} 34. Bd4+ {[%clk
00:59:06]} {[%emt 00:00:29]} Kh6 {[%clk 00:37:42]} {[%emt 00:01:00]} 35. Bg7+
{[%clk 00:59:30]} {[%emt 00:00:09]} Kh7 {[%clk 00:37:53]} {[%emt 00:00:18]} 36.
Bf6+ {[%clk 00:59:52]} {[%emt 00:00:09]} Kg8 {[%clk 00:36:40]} {[%emt
00:01:42]} 37. Rg7+ {[%clk 01:00:07]} {[%emt 00:00:15]} Kf8 {[%clk 00:35:54]}
{[%emt 00:01:16]} 38. Qxa8+ {[%clk 01:00:12]} {[%emt 00:00:26]} Qc8 {[%clk
00:35:07]} {[%emt 00:01:13]} 39. Qxc8+ {[%clk 01:00:06]} {[%emt 00:00:40]} Bxc8
{[%emt 00:00:15]} 40. Rxa7 {[%emt 00:00:08]} Bf5 {[%clk 00:34:26]} {[%emt
00:00:47]} 41. d4 {[%clk 01:00:05]} {[%emt 00:00:31]} Ke8 {[%clk 00:33:36]}
{[%emt 00:01:20]} 42. c5 {[%clk 00:59:46]} {[%emt 00:00:50]} dxc5 {[%clk
00:33:32]} {[%emt 00:00:33]} 43. dxc5 {[%clk 00:59:54]} {[%emt 00:00:23]} Kf8
{[%clk 00:33:42]} {[%emt 00:00:20]} 44. c6 {[%clk 01:00:09]} {[%emt 00:00:15]}
Ke8 {[%clk 00:34:01]} {[%emt 00:00:10]} 45. Re7+ {[%clk 01:00:26]} {[%emt
00:00:14]} Kf8 {[%clk 00:34:24]} {[%emt 00:00:06]} 46. c7 {[%clk 01:00:40]}
{[%emt 00:00:16]} Kg8 {[%clk 00:34:22]} {[%emt 00:00:32]} 47. c8=Q+ {[%clk
01:00:43]} {[%emt 00:00:28]} Bxc8 {[%clk 00:34:37]} {[%emt 00:00:14]} 48. Re8+
{[%clk 01:01:08]} {[%emt 00:00:05]} Kf7 {[%clk 00:34:41]} {[%emt 00:00:26]} 49.
Rxc8 {[%clk 01:01:23]} {[%emt 00:00:14]} Kxf6 {[%clk 00:35:07]} {[%emt
00:00:05]} 50. Rc6+ {[%clk 01:01:42]} {[%emt 00:00:12]} Ke5 {[%clk 00:35:23]}
{[%emt 00:00:13]} 51. Rxg6 {[%clk 01:01:31]} {[%emt 00:00:41]} h4 {[%clk
00:35:35]} {[%emt 00:00:17]} 52. gxh4 {[%clk 01:01:53]} {[%emt 00:00:09]} Kd5
{[%clk 00:35:56]} {[%emt 00:00:10]} 53. h5 {[%clk 01:02:15]} {[%emt 00:00:07]}
Ke5 {[%clk 00:36:20]} {[%emt 00:00:06]} 54. a4 {[%clk 01:02:36]} {[%emt
00:00:10]} Kd5 {[%clk 00:36:42]} {[%emt 00:00:08]} 55. h6 {[%clk 01:02:19]}
{[%emt 00:00:47]} Kc5 {[%clk 00:37:03]} {[%emt 00:00:09]} 56. Rc6+ {[%clk
01:02:37]} {[%emt 00:00:12]} Kxc6 {[%clk 00:37:21]} {[%emt 00:00:13]} 57. h7
{[%clk 01:02:59]} {[%emt 00:00:08]} Kd6 {[%clk 00:37:44]} {[%emt 00:00:05]} 58.
h8=Q {[%clk 01:03:17]} {[%emt 00:00:10]} 1-0

[Event "DEM U10 2021"]
[Site "Willingen GER"]
[Date "2021.08.23"]
[Round "2"]
[White "Nonnenmacher, Philipp"]
[Black "Herrmann, Arthur"]
[Result "0-1"]
[Termination "normal"]
[Board "8"]
[WhiteElo "1314"]
[BlackElo "1191"]
[WhiteClock "00:33:24"]
[BlackClock "00:36:46"]
[PlyCount "120"]
[WhiteFideId "34608869"]
[BlackFideId "16287150"]
[EventCountry "GER"]
[EventRounds "11"]
[EventType "swiss"]
[EventDate "2021.08.22"]

1. e4 {[%clk 01:15:57]} {[%emt 00:00:02]} c5 {[%clk 01:15:56]} {[%emt
00:00:05]} 2. Nf3 {[%clk 01:16:19]} {[%emt 00:00:07]} d6 {[%clk 01:16:22]}
{[%emt 00:00:05]} 3. Bc4 {[%clk 01:16:36]} {[%emt 00:00:12]} e6 {[%clk
01:16:39]} {[%emt 00:00:13]} 4. Nc3 {[%clk 01:16:48]} {[%emt 00:00:18]} Nc6
{[%clk 01:16:33]} {[%emt 00:00:37]} 5. O-O {[%clk 01:16:58]} {[%emt 00:00:20]}
Nf6 {[%clk 01:16:26]} {[%emt 00:00:37]} 6. d3 {[%clk 01:17:11]} {[%emt
00:00:16]} Be7 {[%clk 01:16:18]} {[%emt 00:00:38]} 7. Bg5 {[%clk 01:16:42]}
{[%emt 00:00:59]} O-O {[%clk 01:15:48]} {[%emt 00:01:00]} 8. d4 {[%clk
01:16:23]} {[%emt 00:00:50]} cxd4 {[%clk 01:14:33]} {[%emt 00:01:44]} 9. Nxd4
{[%clk 01:16:37]} {[%emt 00:00:16]} Qb6 {[%clk 01:12:07]} {[%emt 00:02:56]} 10.
Nxc6 {[%clk 01:16:30]} {[%emt 00:00:37]} Qxc6 {[%clk 01:11:32]} {[%emt
00:01:06]} 11. Bb3 {[%clk 01:15:28]} {[%emt 00:01:31]} a6 {[%clk 01:10:13]}
{[%emt 00:01:50]} 12. a4 {[%clk 01:15:28]} {[%emt 00:00:30]} h6 {[%clk
01:09:28]} {[%emt 00:01:14]} 13. Bxf6 {[%clk 01:15:30]} {[%emt 00:00:27]} Bxf6
{[%clk 01:09:46]} {[%emt 00:00:13]} 14. Qd3 {[%clk 01:14:18]} {[%emt 00:01:41]}
b6 {[%clk 01:08:33]} {[%emt 00:01:44]} 15. f3 {[%clk 01:14:29]} {[%emt
00:00:19]} Bb7 {[%clk 01:07:58]} {[%emt 00:01:05]} 16. Rfd1 {[%clk 01:12:56]}
{[%emt 00:02:03]} Rfd8 {[%clk 01:07:03]} {[%emt 00:01:24]} 17. Qc4 {[%clk
01:08:15]} {[%emt 00:05:12]} Qxc4 {[%clk 01:05:40]} {[%emt 00:01:54]} 18. Bxc4
{[%clk 01:08:33]} {[%emt 00:00:11]} Rac8 {[%clk 01:05:27]} {[%emt 00:00:42]}
19. Be2 {[%clk 01:07:02]} {[%emt 00:02:01]} Bxc3 {[%clk 01:04:41]} {[%emt
00:01:18]} 20. bxc3 {[%clk 01:07:20]} {[%emt 00:00:12]} Rxc3 {[%clk 01:04:37]}
{[%emt 00:00:33]} 21. Ra2 {[%clk 01:07:10]} {[%emt 00:00:40]} Rc6 {[%clk
00:57:41]} {[%emt 00:07:26]} 22. e5 {[%clk 01:06:30]} {[%emt 00:01:09]} d5
{[%clk 00:57:30]} {[%emt 00:00:42]} 23. f4 {[%clk 01:06:12]} {[%emt 00:00:49]}
Rdc8 {[%clk 00:56:51]} {[%emt 00:01:09]} 24. Bd3 {[%clk 01:06:22]} {[%emt
00:00:18]} Kf8 {[%clk 00:55:23]} {[%emt 00:01:59]} 25. Kf2 {[%clk 01:06:33]}
{[%emt 00:00:18]} Ke7 {[%clk 00:54:29]} {[%emt 00:01:25]} 26. g3 {[%clk
01:06:36]} {[%emt 00:00:27]} f6 {[%clk 00:51:34]} {[%emt 00:03:26]} 27. exf6+
{[%clk 01:06:53]} {[%emt 00:00:12]} gxf6 {[%clk 00:51:28]} {[%emt 00:00:37]}
28. Re1 {[%clk 01:07:00]} {[%emt 00:00:22]} Kd6 {[%clk 00:50:55]} {[%emt
00:01:03]} 29. h4 {[%clk 01:00:58]} {[%emt 00:06:32]} e5 {[%clk 00:49:46]}
{[%emt 00:01:39]} 30. Bf5 {[%clk 01:00:46]} {[%emt 00:00:41]} R8c7 {[%clk
00:48:50]} {[%emt 00:01:28]} 31. fxe5+ {[%clk 01:00:48]} {[%emt 00:00:26]} fxe5
{[%clk 00:48:49]} {[%emt 00:00:32]} 32. Rd1 {[%clk 00:59:08]} {[%emt 00:02:11]}
Rf7 {[%clk 00:47:43]} {[%emt 00:01:36]} 33. g4 {[%clk 00:59:22]} {[%emt
00:00:15]} Bc8 {[%clk 00:47:07]} {[%emt 00:01:06]} 34. Ke3 {[%clk 00:56:08]}
{[%emt 00:03:41]} Bxf5 {[%clk 00:47:04]} {[%emt 00:00:37]} 35. gxf5 {[%clk
00:56:27]} {[%emt 00:00:11]} Rxf5 {[%clk 00:46:43]} {[%emt 00:00:51]} 36. Kd2
{[%clk 00:55:40]} {[%emt 00:01:16]} Rf2+ {[%clk 00:46:02]} {[%emt 00:01:12]}
37. Kc1 {[%clk 00:51:04]} {[%emt 00:05:06]} Rh2 {[%clk 00:43:20]} {[%emt
00:03:11]} 38. Rd2 {[%clk 00:48:18]} {[%emt 00:03:16]} Rxh4 {[%clk 00:43:14]}
{[%emt 00:00:36]} 39. Ra3 {[%clk 00:46:56]} {[%emt 00:01:52]} Rcc4 {[%clk
00:42:22]} {[%emt 00:01:22]} 40. Rad3 {[%clk 00:46:31]} {[%emt 00:00:56]} Rcd4
{[%clk 00:41:04]} {[%emt 00:01:48]} 41. Rxd4 {[%clk 00:46:24]} {[%emt
00:00:36]} Rxd4 {[%clk 00:39:29]} {[%emt 00:02:06]} 42. Rh2 {[%clk 00:44:29]}
{[%emt 00:02:24]} Rxa4 {[%clk 00:39:09]} {[%emt 00:00:51]} 43. Rxh6+ {[%clk
00:41:55]} {[%emt 00:03:04]} Kc5 {[%clk 00:39:01]} {[%emt 00:00:37]} 44. Rh5
{[%clk 00:41:03]} {[%emt 00:01:22]} e4 {[%clk 00:38:32]} {[%emt 00:00:59]} 45.
Rh4 {[%clk 00:40:36]} {[%emt 00:00:56]} b5 {[%clk 00:37:05]} {[%emt 00:01:59]}
46. c3 {[%clk 00:39:36]} {[%emt 00:01:30]} Kc4 {[%clk 00:36:35]} {[%emt
00:00:59]} 47. Kb2 {[%clk 00:39:47]} {[%emt 00:00:19]} Kd3 {[%clk 00:36:17]}
{[%emt 00:00:48]} 48. Rh3+ {[%clk 00:38:34]} {[%emt 00:01:43]} e3 {[%clk
00:34:17]} {[%emt 00:02:30]} 49. Rg3 {[%clk 00:35:31]} {[%emt 00:03:33]} Kd2
{[%clk 00:34:13]} {[%emt 00:00:34]} 50. Rg1 {[%clk 00:34:31]} {[%emt 00:01:29]}
e2 {[%clk 00:34:31]} {[%emt 00:00:14]} 51. c4 {[%clk 00:32:10]} {[%emt
00:02:51]} e1=Q {[%clk 00:34:16]} {[%emt 00:00:44]} 52. Rxe1 {[%clk 00:32:35]}
{[%emt 00:00:06]} Kxe1 {[%clk 00:34:34]} {[%emt 00:00:12]} 53. cxb5 {[%clk
00:33:01]} {[%emt 00:00:03]} axb5 {[%clk 00:34:53]} {[%emt 00:00:11]} 54. Kb3
{[%emt 00:00:20]} Rc4 {[%emt 00:00:09]} 55. Kb2 {[%clk 00:32:45]} {[%emt
00:00:18]} d4 {[%clk 00:35:18]} {[%emt 00:00:04]} 56. Kb3 {[%clk 00:33:10]}
{[%emt 00:00:05]} d3 {[%clk 00:35:44]} {[%emt 00:00:04]} 57. Kb2 {[%clk
00:33:33]} {[%emt 00:00:07]} d2 {[%clk 00:36:09]} {[%emt 00:00:06]} 58. Ka2
{[%clk 00:33:35]} {[%emt 00:00:22]} d1=Q {[%clk 00:36:26]} {[%emt 00:00:17]}
59. Kb2 {[%clk 00:33:32]} {[%emt 00:00:34]} Qc2+ {[%clk 00:36:46]} {[%emt
00:00:10]} 60. Ka3 {[%clk 00:33:24]} {[%emt 00:00:38]} b4# {[%emt 00:00:15]}
0-1